000 00271nam a22001217a 4500
020 _a0-333-13798-1
082 _a629.046 HEA'B
100 _aBROOKS, R
_976042
245 _aHEAVY VEHICLE TECHNOLOGY
260 _aLONDON
_bMACMILLAN
_c1972
300 _a360P
942 _cBK
999 _c581443
_d581443